El Ministerio de Educación Pública: Organización Administrativa

Saved in:
Bibliographic Details
Main Author: Vidal Duarte, Germán (Author)
Format: Book
Language:Spanish
Published: Santiago Universitaria 1957
Subjects:
Tags: Add Tag
No Tags, Be the first to tag this record!

MARC

LEADER 00000nam a2200000 a 4500
001 UCW6964
003 CL-VaPUC
008 920730e19570000CL |||||||||||||||||spa|d
082 0 4 |a 351.0007  |b VID  |2 21 
100 0 |a Vidal Duarte, Germán  |e author  |9 312059 
245 1 3 |a El Ministerio de Educación Pública: Organización Administrativa 
300 |a 169 p 
942 |c BK 
945 |d 19920730 00:00:00 
260 |a Santiago  |b Universitaria  |c 1957 
600 0 7 |a MINISTERIO DE EDUCACION PUBLICA  |2 CL-VaPUC  |9 312060 
650 0 |a Historia  |9 255047 
651 7 |a CHILE  |2 CL-VaPUC  |9 312061 
583 |a last modification  |c 19920730 00:00:00  |k Rodrigo Vera 
999 |c 219859  |d 219857 
952 |0 0  |1 0  |4 0  |6 351_000700000000000_VID_1957  |7 0  |8 P  |9 211325  |a BIBEDU  |b BIBEDU  |c BIBEDU_PB  |d 2019-11-15  |i 2795272  |o 351.0007 VID 1957  |p 2795272  |r 2024-01-25  |w 2019-11-15  |y BK  |k EDU